000
00362nam a2200133Ia 4500
008
231129s9999||||xx |||||||||||||| ||spa||
020
_a
84-7530-976-3
040
_b
spa
082
_a
946.042 L864h
100
_a
Lopez de Gomara Francisco
245
0
_a
Historia general de las Indias
264
_a
Orbis
942
_2
ddc
_c
BKS
999
_c
15301
_d
15301